000 00424nam a2200181Ia 4500
001 15878
005 20260306170228.0
008 260306t2004||||xx |||||||||||||| ||und||
041 _aESP
082 _a620.112
_bP99
100 _aPytel, Andrew
_eAUT
245 0 _aResistencia de materiales
260 _c2004
300 _axxxi, 584 páginas :
_c23 cm.
650 _aGEN
654 _aCII
942 _cLIB
_dJUS
_fJUS
_2ddc
_n
999 _c15878
_d15878